| 000 | 00778nac a22001931u 4500 | ||
|---|---|---|---|
| 010 | _a 98011069 | ||
| 020 | _a067446107X (alk. paper) | ||
| 082 | 0 | 0 |
_a330.015195 _bG5648 |
| 090 |
_c3318 _d3318 |
||
| 100 | _aGoldberger, Arthur Sta | ||
| 245 | 1 | 0 |
_aIntroductory econometrics / _cArthur S. Goldberger. |
| 260 |
_aCambridge, Mass : _bHarvard University Press,1998 _cc1998. |
||
| 300 |
_axii, 241 p. : _bill. ; _c25 cm. + _e1 computer disk (3 1/2 in.) |
||
| 500 | _a"ASCII data disk enclosed"--Cover. | ||
| 504 | _aIncludes bibliographical references (p. [238]) and index. | ||
| 650 | 0 | _aEconometrics. | |
| 942 |
_cBB _k330.015195G5648 |
||
| 999 |
_c3318 _d3318 |
||